| 000 | 00544nam a2200205 a 4500 | ||
|---|---|---|---|
| 001 | 388 | ||
| 003 | CDMR | ||
| 005 | 20131031123502.0 | ||
| 008 | 130130s1976||||||||||||||||||||||||||||d | ||
| 020 | _a8432053503 | ||
| 040 |
_aCDMR _bcat _cCDMR |
||
| 100 | 1 |
_aMartínez, Carmelo _9268 |
|
| 245 | 1 | 0 |
_aCanal 7 _cCarmelo Martinez _b: novela |
| 260 |
_aBarcelona _c1976 _bPlaneta |
||
| 300 | _a237 p | ||
| 490 | 0 | _aAutores españoles e hispanoamericanos | |
| 650 | 0 | 4 |
_93221 _aLiteratura |
| 650 | 0 | 4 |
_93680 _aTelevisió _zAmèrica Llatina |
| 942 |
_cMON _2udc |
||
| 999 |
_c388 _d388 |
||